000 00792nam a2200241Ia 4500
003 OSt
005 20220926021056.0
006 a|||||r|||| 00| 0
007 ta
008 220923b |||||||| |||| 00| 0 eng d
037 _cGeneral Book
040 _aRTL
_cRTL
_beng
041 _2eng
_aeng
082 _aX :31.73.N5, J7
110 _aNational Bureau of Economic Research , New York
_9316415
245 0 _aRegional income
_b Studies in income and wealth. V2
260 _aNew York
_bThe Bureau
_c1957
490 _aIts Coference on Research in Income and Wealth
650 _aNational Income United states
_9231720
700 _aNational Bureau of Economic Research , New York
_9316416
942 _hX :31.73.N5, J7
_cGB
_2CC
999 _c635690
_d635690